Places with Female Names in the Name - Statistics

General Stats
  • This quiz has been taken 147 times
  • The average score is 9 of 20
Answer Stats
Clue Answer % Correct
Largest lake in Africa Lake {Victoria}
95%
Elvis's mansion {Grace}land
84%
Only country named for a woman Saint {Lucia}
76%
Famous former cathedral in Istanbul Hagia {Sophia}
73%
Birthplace of Renaissance {Florence}
71%
City in Central Australia {Alice} Springs
69%
Capital of Maryland {Anna}polis
63%
Celtic nation in France {Brittany}
48%
Most populous city in North Carolina {Charlotte}
48%
Capital of Wisconsin {Madison}
46%
Ancient city in Jordan {Petra}
46%
The "American Riviera" Santa {Barbara}
34%
Longest river entirely in Russia {Lena}
30%
Most populous city in Lorraine {Nancy}
24%
Former name of Gqeberha Port {Elizabeth}
23%
The Old Dominion {Virginia}
20%
Capital of the Åland Islands {Marie}hamn
14%
Botswana's second-largest city {Frances}town
8%
Tallest mountain in Egypt Mount {Catherine}
6%
Northernmost point in Africa Cape {Angela}
3%
No matching quizzes found
Score Distribution
Percent of People with Each Score
Percentile by Number Answered
Your Score History
You have not taken this quiz